000 00618nam a22002177a 4500
005 20260213145623.0
008 260213b |||||||| |||| 00| 0 eng d
020 _a9780007427468
037 _cTB
040 _aCRL
_cCRL
084 _aO111,3N56,GP Q4
_qCRL
100 _aGhosh,Amitabh
_91115719
245 _aGlass Palace
260 _aUK:
_bHarperCollins,
_c2000.
300 _a551p.
365 _b350
_cINR
650 _aEnglish Litrature
_91115720
650 _aEnglish Fiction
_91115721
942 _2CC
_cTB
_hO111,3N56,GP Q4
_n0
999 _c1679618
_d1679618